书目信息 |
| 题名: |
核与粒子
|
|
| 作者: | 薛格雷 , Segre 著 ;徐四大 , 易余萍 , 曲长芝 , 张静懿 译 | |
| 分册: | 下册 | |
| 出版信息: | 北京 科学出版社 1985 |
|
| 页数: | 514页 | |
| 开本: | 20cm | |
| 丛书名: | ||
| 单 册: | ||
| 中图分类: | O57 | |
| 科图分类: | ||
| 主题词: | 核物理学 , 高能物理学 | |
| 电子资源: | ||
| ISBN: | ||
| 000 | 00869nam0 2200325 45 | |
| 001 | 0185010941 | |
| 005 | 20040517161235.4 | |
| 010 | @dCNY4.60 | |
| 091 | @a13031.2870 | |
| 100 | @a19900904d1985 emky0chiy0121 ea | |
| 101 | 1 | @achi@ceng |
| 102 | @aCN@b110000 | |
| 105 | @aa z 001yy | |
| 106 | @ar | |
| 200 | 10 | @a核与粒子@Ahe yu li zi@h下册@f薛格雷(Segre,E.)著@g徐四大等译 |
| 210 | @a北京@c科学出版社@d1985 | |
| 215 | @a514页@d20cm | |
| 606 | @a核物理学 | |
| 606 | @a高能物理学 | |
| 610 | 0 | @a粒子 |
| 690 | @aO57@v3 | |
| 701 | 1 | @a薛格雷@Axue ge lei@bE.@4著 |
| 701 | A1 | @aSegre@bE.@4著 |
| 702 | 0 | @a徐四大@Axu si da@4译 |
| 702 | 0 | @a易余萍@Ayi yu ping@4译 |
| 702 | 0 | @a曲长芝@Aqu chang zhi@4译 |
| 702 | 0 | @a张静懿@Azhang jing yi@4译 |
| 801 | 0 | @aCN@b深圳图书馆@c20040517 |
| 801 | 2 | @aCN@bNLC@c20040517 |
| 905 | @f2@b137071-072@dO57@e15:2 | |
| 核与粒子.下册/薛格雷(Segre,E.)著/徐四大等译.-北京:科学出版社,1985 |
| 514页;20cm |
| ISBN :CNY4.60 |
| ● |
| 相关链接 |
|
|
|
|
正题名:核与粒子
索取号:O57/15:2
 
预约/预借
| 序号 | 登录号 | 条形码 | 馆藏地/架位号 | 状态 | 备注 |
| 1 | 0137071 | 001451823 | 第三借阅区/ [索取号:O57/15:2] | 在馆 | |
| 2 | 0137072 | 001451832 | 第三借阅区/ [索取号:O57/15:2] | 在馆 | |
| 3 | 0137073 | 202101885 | 第二样本阅览室/ [索取号:O57/15:2] | 在馆 |